<?xml version="1.0" encoding="UTF-8"?>
<record
    xmlns:xsi="http://www.w3.org/2001/XMLSchema-instance"
    xsi:schemaLocation="http://www.loc.gov/MARC21/slim http://www.loc.gov/standards/marcxml/schema/MARC21slim.xsd"
    xmlns="http://www.loc.gov/MARC21/slim">

  <leader>01921nam a2200217Ia 4500</leader>
  <controlfield tag="003">OSt</controlfield>
  <controlfield tag="005">20241128120822.0</controlfield>
  <controlfield tag="008">210310s1999    sp     gr     000 0dspa d</controlfield>
  <datafield tag="020" ind1=" " ind2=" ">
    <subfield code="a">8474264278</subfield>
  </datafield>
  <datafield tag="040" ind1=" " ind2=" ">
    <subfield code="a">CO-JMCR</subfield>
    <subfield code="c">CO-JMCR</subfield>
  </datafield>
  <datafield tag="041" ind1="0" ind2=" ">
    <subfield code="a">spa</subfield>
  </datafield>
  <datafield tag="082" ind1="0" ind2="4">
    <subfield code="a">332.672</subfield>
    <subfield code="b">P28e</subfield>
    <subfield code="2">23</subfield>
  </datafield>
  <datafield tag="100" ind1="1" ind2=" ">
    <subfield code="a">Pasqual i Rocabert, Joan, </subfield>
    <subfield code="9">16338</subfield>
    <subfield code="e">autor</subfield>
  </datafield>
  <datafield tag="245" ind1="1" ind2="3">
    <subfield code="a">La evaluaci&#xF3;n de pol&#xED;ticas y proyectos : </subfield>
    <subfield code="b">criterios de valoraci&#xF3;n econ&#xF3;micos y sociales /</subfield>
    <subfield code="c">Joan Pasqual i Rocabert</subfield>
  </datafield>
  <datafield tag="260" ind1=" " ind2=" ">
    <subfield code="a">Barcelona : </subfield>
    <subfield code="b">Icaria : Universitat Aut&#xF3;noma de Barcelona, </subfield>
    <subfield code="c">1999</subfield>
  </datafield>
  <datafield tag="300" ind1=" " ind2=" ">
    <subfield code="a">496 p&#xE1;ginas ; </subfield>
    <subfield code="c">22 cm.</subfield>
  </datafield>
  <datafield tag="500" ind1=" " ind2=" ">
    <subfield code="a">Incluye notas a pie de p&#xE1;gina y datos biogr&#xE1;ficos del autor.</subfield>
  </datafield>
  <datafield tag="504" ind1=" " ind2=" ">
    <subfield code="a">Incluye referencias bibliogr&#xE1;ficas (p&#xE1;gina 491).</subfield>
  </datafield>
  <datafield tag="520" ind1="3" ind2=" ">
    <subfield code="a">El autor plantea en esta obra abordar la evaluaci&#xF3;n de pol&#xED;ticas y proyectos desde cuatri &#xE1;mbitos diferenciados. Un primer &#xE1;mbito expone las etapas necesarias para evaluar un proyecto, como una forma de delimitar las tareas que se van resolviendo y partiendo de unos fundamentos b&#xE1;sicos de econom&#xED;a p&#xFA;blica. Un segundo, de tipo conceptual, se dedica a observar a partir de la necesidad de disponer de un objetivo bien definido: los problemas que surgen al tratar de delimitar una funci&#xF3;n objetivo, que se entiende como coste y beneficio y a presentar las formas c&#xF3;mo detectarlos y medirlos, cu&#xE1;l es el &#xE1;mbito del proyecto y el efecto que tiene en la evaluaci&#xF3;n el delimitarlo de una u otra forma y la relaci&#xF3;n que puede existir entre precio y valor. Una tercera aproximaci&#xF3;n se dedica a los problemas de rentabilidad, la formaci&#xF3;n de flujos periodificados y las f&#xF3;rmulas cl&#xE1;sicas de c&#xE1;lculos de la rentabilidad y la discusi&#xF3;n de nuevos m&#xE9;todos. La cuarta muestra un Museo de los Horrores, que aprovecha la abundancia de errores conceptuales que se han ido encontrando, y en la que se incluyen una serie de ejercicios y su resoluci&#xF3;n.</subfield>
  </datafield>
  <datafield tag="942" ind1=" " ind2=" ">
    <subfield code="2">ddc</subfield>
    <subfield code="c">BK</subfield>
  </datafield>
  <datafield tag="999" ind1=" " ind2=" ">
    <subfield code="c">8102</subfield>
    <subfield code="d">8102</subfield>
  </datafield>
  <datafield tag="952" ind1=" " ind2=" ">
    <subfield code="0">0</subfield>
    <subfield code="1">0</subfield>
    <subfield code="2">ddc</subfield>
    <subfield code="4">0</subfield>
    <subfield code="7">0</subfield>
    <subfield code="8">NFIC</subfield>
    <subfield code="a">CPL</subfield>
    <subfield code="b">CPL</subfield>
    <subfield code="d">2018-04-15</subfield>
    <subfield code="e">Donaci&#xF3;n</subfield>
    <subfield code="o">332.672 P28e</subfield>
    <subfield code="p">430003242</subfield>
    <subfield code="r">2024-05-16 00:00:00</subfield>
    <subfield code="t">Ej.1</subfield>
    <subfield code="y">BK</subfield>
  </datafield>
  <datafield tag="952" ind1=" " ind2=" ">
    <subfield code="0">0</subfield>
    <subfield code="1">0</subfield>
    <subfield code="2">ddc</subfield>
    <subfield code="4">0</subfield>
    <subfield code="7">0</subfield>
    <subfield code="8">NFIC</subfield>
    <subfield code="a">CPL</subfield>
    <subfield code="b">CPL</subfield>
    <subfield code="c">CART</subfield>
    <subfield code="d">2024-09-23</subfield>
    <subfield code="e">Donaci&#xF3;n</subfield>
    <subfield code="l">0</subfield>
    <subfield code="o">332.672 P28e1</subfield>
    <subfield code="p">201812429</subfield>
    <subfield code="r">2025-07-29 10:44:53</subfield>
    <subfield code="t">Ej.2</subfield>
    <subfield code="w">2025-07-29</subfield>
    <subfield code="y">BK</subfield>
  </datafield>
</record>
